Text book of water supply & sanitary engineering (Record no. 12243)

000 -LEADER
fixed length control field 00520nam a22001937a 4500
001 - CONTROL NUMBER
control field 12243
003 - CONTROL NUMBER IDENTIFIER
control field BD-DhUET
008 - FIXED-LENGTH DATA ELEMENTS--GENERAL INFORMATION
fixed length control field 150225b xxu||||| |||| 00| 0 eng d
040 ## - CATALOGING SOURCE
Original cataloging agency DLC
Transcribing agency DLC
Modifying agency BD-DhUET
082 ## - DEWEY DECIMAL CLASSIFICATION NUMBER
Classification number 628
Item number SKH/1976
100 ## - MAIN ENTRY--PERSONAL NAME
Personal name S. K. Husain
245 ## - TITLE STATEMENT
Title Text book of water supply & sanitary engineering
250 ## - EDITION STATEMENT
Edition statement 2nd ed.
260 ## - PUBLICATION, DISTRIBUTION, ETC. (IMPRINT)
Place of publication, distribution, etc. New York
Name of publisher, distributor, etc. Oxford & IBM publishing
Date of publication, distribution, etc. 1976
300 ## - PHYSICAL DESCRIPTION
Extent xv, 884p.
Other physical details illus.
504 ## - BIBLIOGRAPHY, ETC. NOTE
Bibliography, etc Includes bibliographies
650 #0 - SUBJECT ADDED ENTRY--TOPICAL TERM
Topical term or geographic name as entry element Water-supply engineering
942 ## - ADDED ENTRY ELEMENTS (KOHA)
Koha item type General Book
Holdings
Koha item type Shelving location Location (home branch) Koha normalized classification for sorting Copy number Price effective from Koha full call number Lost status Damaged status Date acquired Piece designation (barcode) Sublocation or collection (holding branch) Withdrawn status Source of classification or shelving scheme Koha date last seen Not for loan
General BookCirculation sectionCentral Library, BUET628_000000000000000_SKH_197612015-02-25628/SKH/1976  2015-02-2542886Central Library, BUET  2015-02-25 
General BookCirculation sectionCentral Library, BUET628_000000000000000_SKH_197622015-05-10628/SKH/1976  2015-05-1053661Central Library, BUET  2015-05-10 
Reading ItemReading sectionCentral Library, BUET628_000000000000000_SKH_197632015-06-30628/SKH/1976  2015-06-3042887Central Library, BUET  2015-06-30